书目信息 |
| 题名: |
图案设计
|
|
| 作者: | 成朝晖 编著 | |
| 分册: | ||
| 出版信息: | 杭州 中国美术学院出版社 2002 |
|
| 页数: | 71页 | |
| 开本: | 26cm | |
| 丛书名: | 平面港 | |
| 单 册: | ||
| 中图分类: | J51 | |
| 科图分类: | ||
| 主题词: | 图案--设计 , 平面设计 , 图案 , 图案学 | |
| 电子资源: | ||
| ISBN: | 7-81083-057-0 | |
| 000 | 00850oam2 2200289 45 | |
| 001 | 0900000005218 | |
| 005 | 20051014104813.89 | |
| 010 | @a7-81083-057-0@dCNY18.00 | |
| 092 | @aCN | |
| 100 | @a20040610e20032002ekmy0chiy0120 ea | |
| 101 | 0 | @achi |
| 102 | @aCN@b330000 | |
| 105 | @aa z 000yy | |
| 200 | 1 | @a图案设计@9tu an she ji@f成朝晖编著@Fcheng zhao hui bian zhu |
| 210 | @a杭州@c中国美术学院出版社@d2002@h2003重印 | |
| 215 | @a71页@c图@d26cm | |
| 225 | 2 | @a平面港 |
| 330 | @a本书主要内容有:书籍设计概说;书籍设计回顾;对书籍设计的认识;书籍设计的语言;书籍设计诸环节的研讨;书籍设计一览。 | |
| 461 | 0 | @12001 @a平面港 |
| 606 | 0 | @a图案@x设计 |
| 606 | 0 | @a平面设计 |
| 606 | 0 | @a图案 |
| 606 | 0 | @a图案学 |
| 690 | @aJ51@v4 | |
| 701 | 0 | @a成朝晖@Acheng zhao hui@4编著 |
| 801 | 0 | @aCN@bTSSF@c20051014 |
| 905 | @a10447@dJ51@e126 | |
| 图案设计/成朝晖编著.-杭州:中国美术学院出版社,2002(2003重印) |
| 71页:图;26cm.-(平面港) |
| ISBN 7-81083-057-0:CNY18.00 |
| 本书主要内容有:书籍设计概说;书籍设计回顾;对书籍设计的认识;书籍设计的语言;书籍设计诸环节的研讨;书籍设计一览。 |
| ● |
| 相关链接 |
|
|
|
|
正题名:图案设计
索取号:J51/126
 
预约/预借
| 序号 | 登录号 | 条形码 | 馆藏地/架位号 | 状态 | 备注 |
| 1 | 0366626 | 3666269 | 第一样本阅览室/ [索取号:J51/126] | 在馆 | |
| 2 | 0366627 | 3666278 | 第一借阅区/ [索取号:J51/126] | 在馆 |